Cricket: ODI Batsmen to End Calendar Year at No.1 - Statistics

General Stats
  • This quiz has been taken 40 times
    19 since last reset
  • The average score is 39 of 54
Answer Stats
Year Country Answer % Correct
2016 SA AB de Villiers
100%
2015 SA AB de Villiers
100%
2014 SA AB de Villiers
100%
2013 SA AB de Villiers
100%
2020 IND Virat Kohli
100%
2019 IND Virat Kohli
100%
2018 IND Virat Kohli
100%
2017 IND Virat Kohli
100%
2024 PAK Babar Azam
93%
2023 PAK Babar Azam
93%
2022 PAK Babar Azam
93%
2021 PAK Babar Azam
93%
1997 WI Brian Lara
93%
1996 WI Brian Lara
93%
1995 WI Brian Lara
93%
1994 WI Brian Lara
93%
1993 WI Brian Lara
93%
2012 SA Hashim Amla
93%
2011 SA Hashim Amla
93%
2010 SA Hashim Amla
93%
2007 AUS Ricky Ponting
93%
2005 AUS Ricky Ponting
93%
2003 IND Sachin Tendulkar
93%
1998 IND Sachin Tendulkar
93%
1987 WI Sir Viv Richards
93%
1986 WI Sir Viv Richards
93%
1985 WI Sir Viv Richards
93%
1984 WI Sir Viv Richards
93%
1982 WI Sir Viv Richards
93%
2004 AUS Adam Gilchrist
80%
2006 AUS Michael Hussey
73%
2009 IND MS Dhoni
73%
2008 IND MS Dhoni
73%
1988 PAK Javed Miandad
67%
2002 AUS Michael Bevan
60%
2001 AUS Michael Bevan
60%
2000 AUS Michael Bevan
60%
1999 AUS Michael Bevan
60%
1981 AUS Greg Chappell
47%
1980 AUS Greg Chappell
47%
1979 AUS Greg Chappell
47%
1978 AUS Greg Chappell
47%
1977 AUS Greg Chappell
47%
1983 PAK Zaheer Abbas
40%
1992 AUS Dean Jones
33%
1991 AUS Dean Jones
33%
1990 AUS Dean Jones
33%
1989 AUS Dean Jones
33%
1976 ENG Dennis Amiss
20%
1973 ENG Dennis Amiss
20%
1971 ENG John Edrich
13%
1975 ENG Keith Fletcher
13%
1974 ENG Keith Fletcher
13%
1972 AUS Keith Stackpole
0%
No matching quizzes found
Score Distribution
Percent of People with Each Score
Percentile by Number Answered
Your Score History
You have not taken this quiz since the last reset